Outback : recipes and stories from the campfire /

Bibliographic Details
Main Author: Dwyer, Andrew
Other Authors: Hay, John, 1928-
Format: Book
Language:English
Published: Carlton, Victoria, Australia : Megunyah Press, 2007.
Subjects:

MARC

Tag First Indicator Second Indicator Subfields
LEADER 00000cam a2200000Ia 4500
001 in00002361949
005 20151108085739.0
008 070505s2007 at ab 001 0 eng d
020 |a 9780522853803 
020 |a 0522853803 
035 |a (OCoLC)ocn154705062 
035 |a (OCoLC)154705062 
040 |a BTCTA  |c BTCTA  |d BAKER  |d OCLCQ  |d YDXCP  |d UtOrBLW 
049 |a TXAM 
050 4 |a TX823  |b .D89 2007 
082 0 4 |a 641.5/78/0994  |2 22 
100 1 |a Dwyer, Andrew. 
245 1 0 |a Outback :  |b recipes and stories from the campfire /  |c Andrew Dwyer ; with photography by John Hay. 
264 1 |a Carlton, Victoria, Australia :  |b Megunyah Press,  |c 2007. 
300 |a 265 pages :  |b illustrations (chiefly color), color map ;  |c 29 cm. 
336 |a text  |b txt  |2 rdacontent 
337 |a unmediated  |b n  |2 rdamedia 
338 |a volume  |b nc  |2 rdacarrier 
500 |a Includes index. 
650 0 |a Outdoor cooking  |z Australia. 
650 0 |a Cooking, Australian. 
700 1 |a Hay, John,  |d 1928- 
938 |a Baker and Taylor  |b BTCP  |n BK0007256957 
938 |a Baker & Taylor  |b BKTY  |c 40.00  |d 40.00  |i 0522853803  |n 0007256957  |s active 
938 |a YBP Library Services  |b YANK  |n 2596094 
945 |a PromptCat  |b 343939 
946 |a stk 
947 |a A14836824188 
994 |a 92  |b TXA 
948 |a cataloged  |b h  |c 2008/2/27  |d c  |e jlanham  |f 12:18:37 pm 
999 |a MARS 
999 f f |s 8d7acd49-8980-358f-951e-9f7013db11a7  |i 80b98fda-bd85-3633-92b6-98c036e00128  |t 0 
952 f f |p ric  |a Texas A&M University  |b Rellis Campus  |c Joint Library Facility  |d Remote Storage  |t 0  |e TX823 .D89 2007  |h Library of Congress classification  |i unmediated -- volume  |m A14836824188 
998 f f |a TX823 .D89 2007  |t 0  |l Remote Storage